000
00293nam a22001337a 4500
008
170915b xxu||||| |||| 00| 0 eng d
020
_a
0394729322
041
_a
eng
080
_a
7
100
_a
44
101
_a
ART
245
_a
ITALIAN GOTHIC SCULPTURE
_c
HENNESY.J.P
942
_2
udc
_c
BK
999
_c
27758
_d
27758